Getting through to adults / (Record no. 8770)
[ view plain ]
| 000 -LEADER | |
|---|---|
| fixed length control field | 00813nam a2200277 i 4500 |
| 001 - CONTROL NUMBER | |
| control field | 1338316 |
| 003 - CONTROL NUMBER IDENTIFIER | |
| control field | OSt |
| 005 - DATE AND TIME OF LATEST TRANSACTION | |
| control field | 20140310182039.0 |
| 008 - FIXED-LENGTH DATA ELEMENTS--GENERAL INFORMATION | |
| fixed length control field | 800331s1980 cou 001 0 eng |
| 010 ## - LIBRARY OF CONGRESS CONTROL NUMBER | |
| LC control number | 79053294 |
| 020 ## - INTERNATIONAL STANDARD BOOK NUMBER | |
| International Standard Book Number | 0896360377 : |
| Terms of availability | $3.95 |
| 040 ## - CATALOGING SOURCE | |
| Original cataloging agency | DLC |
| Transcribing agency | DLC |
| Modifying agency | DLC |
| 050 00 - LIBRARY OF CONGRESS CALL NUMBER | |
| Classification number | BV 1488 |
| Item number | .D996 1980 |
| 082 00 - DEWEY DECIMAL CLASSIFICATION NUMBER | |
| Classification number | HS 220.07 |
| Item number | Dy98 1980 |
| 100 1# - MAIN ENTRY--PERSONAL NAME | |
| Personal name | Dyet, James T. |
| 9 (RLIN) | 11070 |
| 245 10 - TITLE STATEMENT | |
| Title | Getting through to adults / |
| Statement of responsibility, etc | James T. Dyet. |
| 260 ## - PUBLICATION, DISTRIBUTION, ETC. (IMPRINT) | |
| Place of publication, distribution, etc | Denver, Colo. : |
| Name of publisher, distributor, etc | Accent Books, |
| Date of publication, distribution, etc | c1980. |
| 300 ## - PHYSICAL DESCRIPTION | |
| Extent | 160 p. ; |
| Dimensions | 19 cm. |
| 440 #0 - SERIES STATEMENT/ADDED ENTRY--TITLE | |
| Title | Accent teacher training series |
| 9 (RLIN) | 11071 |
| 600 ## - SUBJECT ADDED ENTRY--PERSONAL NAME | |
| Personal name | James T. Dyet |
| 9 (RLIN) | 11072 |
| 650 #0 - SUBJECT ADDED ENTRY--TOPICAL TERM | |
| Topical term or geographic name as entry element | 1. Bible study |
| 9 (RLIN) | 11073 |
| 650 #0 - SUBJECT ADDED ENTRY--TOPICAL TERM | |
| Topical term or geographic name as entry element | Sunday schools |
| General subdivision | Teaching methods. |
| 9 (RLIN) | 11074 |
| 906 ## - LOCAL DATA ELEMENT F, LDF (RLIN) | |
| a | 7 |
| b | cbc |
| c | orignew |
| d | 2 |
| e | ocip |
| f | 19 |
| g | y-gencatlg |
| 942 ## - ADDED ENTRY ELEMENTS (KOHA) | |
| Source of classification or shelving scheme | Library of Congress Classification |
| Withdrawn status | Lost status | Source of classification or shelving scheme | Damaged status | Home library | Current library | Shelving location | Date acquired | Total Checkouts | Full call number | Barcode | Date last seen | Copy number | Price effective from | Koha item type | Public note |
|---|---|---|---|---|---|---|---|---|---|---|---|---|---|---|---|
| Library of Congress Classification | Luxembourg Library | Luxembourg Library | High School Section | 08/15/2013 | BV 1488 .D996 1980 | 1643 | 02/02/2016 | 1 | 08/15/2013 | Books | mtk ok |